00690nam a22001097a 4500040000800000082002700008100001600035245039200051260002600443300002400469856008700493 cRUA aFIS HEN 2004 B176 Or.1 aHENG, SENG. acomposition analysis of fish feed locally available in samrong tong, kong pisey and bor seth district, kampong speu province (ការវិភាគសមាសភាពចំណីត្រីដែលមាននៅក្នុង​ស្រុកសំរោងទង គងពិសី និងបសេដ្ធ​នៅក្នុងខេត្តកំពង់ស្ពឺ) aPhnom PenhbRUAc2004 ax, 49.bill.c29cm. uhttps://drive.google.com/file/d/171Ae6VRE20spIW45aKIJlpcevfo8IZvo/view?usp=sharing